Blueprint : Intermediate : Workbook /

Curso para el aprendizaje del inglés como lengua extranjera, organizado en tres niveles (la biblioteca sólo tiene los niveles 2 y 3: intermedio e intermedio superior). En ambos casos, se cuenta con libros del alumno, del profesor y de ejercicios, así como con material sonoro acompañante. Este volume...

Ausführliche Beschreibung

Gespeichert in:
Bibliographische Detailangaben
1. Verfasser: Walker, Elaine (autor)
Weitere Verfasser: Elsworth, Steve (autor) (autor)
Format: Buch
Sprache:Englisch
Veröffentlicht: Essex, Inglaterra : Longman, 1991, c1989
Schlagworte:
Tags: Tag hinzufügen
Keine Tags, Fügen Sie das erste Tag hinzu!

MARC

LEADER 00000nam^a2200000^a^4500
001 000261991
005 20250521000000.0
009 20260310110527.866
020 |a 0-582-02130-8 
037 |a Acervo Xavier Clavigero 
041 |a ING 
082 |a 425.  |b BLU LON S. 2 V. 2 
100 |a Walker, Elaine  |e (autor) 
240 1 1 |a [Blueprint] 
245 0 0 |a Blueprint :  |b Intermediate : Workbook /  |c E. Walker, S. Elsworth. 
264 4 |a Essex, Inglaterra :  |b Longman,  |c 1991, c1989 
300 |a 73 p. 
336 |a texto  |b txt  |2 rdacontenido 
337 |a sin mediación  |b n  |2 rdamedio 
338 |a volumen  |b nc  |2 rdasoporte 
520 |a Curso para el aprendizaje del inglés como lengua extranjera, organizado en tres niveles (la biblioteca sólo tiene los niveles 2 y 3: intermedio e intermedio superior). En ambos casos, se cuenta con libros del alumno, del profesor y de ejercicios, así como con material sonoro acompañante. Este volumen es el libro de ejercicios, del 2o nivel. 
649 |a XX 
650 |a Guía de Estudio 
650 |a Inglés -  |x Estudio y Enseñanza -  |x Tema Principal 
650 |a Inglés como Lengua Extranjera -  |x Estudio y Enseñanza 
650 |a Lenguas Extranjeras -  |x Estudio y Enseñanza 
650 |a Lenguas Germánicas 
650 |a Lenguas Indo-Europeas 
650 |a Lenguas -  |x Estudio y Enseñanza 
650 |a Comunicación Oral 
650 |a Comunicación Verbal 
650 |a Lingüística 
700 |a Elsworth, Steve  |e (autor) 
910 |a Fondo General 
920 |a Impresos - Libros 
930 |a Colección General 
905 |a 101 
901 |a 042481  |b IT1  |c ACC  |u 20250521 
902 |a https://opac.biblio.iteso.mx/vufind/Record/000261991